Combination of MIMO with MC-CDMA System [Project BICSE2] (Record no. 9143)

000 -LEADER
fixed length control field 00603 a2200169 4500
003 - CONTROL NUMBER IDENTIFIER
control field NUST
038 ## - RECORD CONTENT LICENSOR
Staff Name Zahoor
082 ## - DEWEY DECIMAL CLASSIFICATION NUMBER
Classification number BICSE-2
100 ## - MAIN ENTRY--PERSONAL NAME
Personal name Junaid Khalid
9 (RLIN) 92223
245 ## - TITLE STATEMENT
Title Combination of MIMO with MC-CDMA System [Project BICSE2]
Statement of responsibility, etc. Junaid Khalid
260 ## - PUBLICATION, DISTRIBUTION, ETC.
Place of publication, distribution, etc. Islamabad,
Name of publisher, distributor, etc. NUST School of Electrical Engineering & Computer Science,
Date of publication, distribution, etc. 2008.
300 ## - PHYSICAL DESCRIPTION
Extent 124 p.
Other physical details : ill.
Dimensions ; 27 cm. +
Accompanying material CD-ROM
500 ## - GENERAL NOTE
General note Supervisors : Ms. Khalida Noori, Mr. Sami Ahmad Haider.
700 ## - ADDED ENTRY--PERSONAL NAME
Personal name M. Talha Ahmad
9 (RLIN) 92224
856 ## - ELECTRONIC LOCATION AND ACCESS
Uniform Resource Identifier <a href="http://10.250.8.41:8080/xmlui/handle/123456789/8522">http://10.250.8.41:8080/xmlui/handle/123456789/8522</a>
942 ## - ADDED ENTRY ELEMENTS (KOHA)
Koha item type Project Report
Call number prefix BICSE-2 JUN
Source of classification or shelving scheme
Holdings
Withdrawn status Lost status Damaged status Not for loan Permanent Location Current Location Date acquired Full call number Barcode Date last seen Price effective from Koha item type
WITHDRAWN       Central Library (CL) Central Library (CL) 07/04/2022 BICSE-2 JUN SEECSP00698 11/14/2012 11/14/2012 Project Report
© 2023 Central Library, National University of Sciences and Technology. All Rights Reserved.